00514 2200181 4500001002100000005001500021035002000036245007000056100003400126250001700160300002800177260003500205082000800240084001500248020002200263600001000285520003700295INLIS00000000000085920250110091118 a0010-01250000321 aKamus Pengetahuan Umum Bergambar /cDiah Rahmatia, Pipit Pitriana0 aDiah Rahmatia, Pipit Pitriana acetakan ke-1 avi, 82 :bIlus ;c21 cm aBandung :bGaneca exact,c2007 a001 a001 DIA k a978-979-571-503-0 4akamus aKamus Pengetahuan Umum Bergambar